00670nam a2200193 a 450000500170000000800410001704000250005804100080008308200160009111000910010724500890019826000600028730000160034765000300036365000250039365000230041865000190044165000160046020170522114852.0140113b1992 enk||||| |||| 00| 0 eng d aCO-BoIAVHcCO-BoIAVH aeng a631.5bB74c aBotanic Gardens Conservation InternationalbBotanic Gardens Conservation International1 aCultivation and propagation methods for plants in botanic gardensba sample database aOxfordbBotanic Garden Conservation Internationalc1992 a100 paginas 6aPropagación de especies 6aJardines botánicos 6aPlantas en peligro 6aBases de datos 6aInventarios